[Event "Capechecs Blitz Finale"]
[Site "Cap d'Agde"]
[Date "2019.11.02"]
[Round "6.1"]
[White "Sarana, A."]
[Black "Donchenko, A."]
[Result "1/2-1/2"]
[WhiteElo "2655"]
[BlackElo "2631"]
[Annotator "TA"]
[PlyCount "95"]
[EventDate "2019.10.25"]
[EventType "tourn"]
[EventCountry "FRA"]
[SourceTitle "playchess.com"]
[Source "ChessBase"]
[SourceQuality "1"]

{[%evp 25,95,0,0,0,7,0,15,4,3,0,12,12,12,20,39,41,72,19,23,15,28,0,10,0,0,0,0,-6,0,0,2,2,22,0,0,-7,0,0,0,-5,0,0,0,0,0,0,0,0,0,-8,-8,-8,-8,-117,-98,-83,-89,-89,-89,-89,-87,-90,-107,-106,-37,-37,-37,-74,0,0,0,0]} 1. d4 Nf6 2. c4 g6 3. Nc3 Bg7 4. e4 d6 5. Nf3 O-O 6. Be2 e5 7. dxe5 dxe5 8. Qxd8 Rxd8 9. Bg5 Re8 10. Nd5 Nxd5 11. cxd5 c6 12. Bc4 b5 13. Bb3 a5 14. a4 {E92: King's Indian: Classical: 6 Be2 e5: 7 dxe5, 7 Be3 and Petrosian System without 7...Nbd7} bxa4 15. Bxa4 Bd7 16. dxc6 Bxc6 17. Nd2 $146 ({Predecessor:} 17. O-O Bxa4 18. Rxa4 Nc6 19. Bd2 Rab8 20. Bc3 Rb5 21. Rd1 Nd4 {½-½ (40) Cvitan,O (2499)-Huzman,A (2580) Skopje 2015}) 17... f6 18. Be3 Bf8 19. Ke2 Bb4 20. Nc4 Rd8 21. f3 (21. Nb6 $16 Ra6 22. Bb3+ Kg7 23. Rhd1 Rxd1 24. Rxd1) 21... Bxa4 $11 22. Rxa4 Nc6 23. Rha1 Rab8 24. Rc1 Nd4+ 25. Bxd4 $1 Rxd4 26. Rc2 Rb5 (26... Rc8 $5 27. b3 $8 f5 $11) 27. Ne3 Bc5 28. Ra2 Kg7 29. Nc4 Bb4 30. Ra1 f5 31. exf5 gxf5 32. Ne3 Kf6 33. Rc6+ Rd6 34. Rac1 Ke6 35. R1c2 a4 36. Rc7 h5 37. Rh7 Rc5 {Hoping for ...Rxc2+.} 38. Rh6+ Kf7 39. Rxc5 (39. Rxd6 $11 {was the only way to keep the balance.} Rxc2+ 40. Nxc2 Bxd6 41. Kd3) 39... Rd2+ $17 {[%mdl 64] [#] Double Attack} 40. Kf1 Bxc5 {[%mdl 4096] Endgame KRB-KRN} 41. Nc4 Rf2+ 42. Ke1 Rxg2 43. Nxe5+ Kg7 44. Ra6 Rxb2 ({Black should play} 44... Rxh2 $17 {And now ...h4 would win.} 45. Rxa4 h4) 45. Nd3 $15 a3 {...Be3 is the strong threat.} 46. Kd1 Rb5 (46... Rxh2 $17 47. Nxc5 a2 48. Ne6+ Kf7 49. Ng5+ Kg7 50. Ne6+ Kg8) 47. Nxc5 $11 Rxc5 48. Rxa3 {Accuracy: White = 47%, Black = 56%.} 1/2-1/2

[Event "Capechecs Blitz Finale"]
[Site "Cap d'Agde"]
[Date "2019.11.02"]
[Round "6.2"]
[White "Bellahcene, B."]
[Black "Fressinet, L."]
[Result "1-0"]
[WhiteElo "2540"]
[BlackElo "2633"]
[Annotator "TA"]
[PlyCount "63"]
[EventDate "2019.10.25"]
[EventType "tourn"]
[EventCountry "FRA"]
[SourceTitle "playchess.com"]
[Source "ChessBase"]
[SourceQuality "1"]

{[%evp 9,63,72,85,52,52,56,209,116,131,131,111,112,145,97,136,111,145,130,118,105,184,184,191,188,221,222,285,250,228,246,279,270,276,260,260,259,370,355,364,360,428,420,407,259,238,257,29983,29984,6375,883,29988,29989,29989,29990,29991,29992]} 1. e4 g6 2. d4 Nf6 3. e5 Nh5 4. Nf3 d6 5. Bc4 Nc6 (5... Bg7 6. Ng5 d5 7. Be2 h6 8. Nf3 c5 9. O-O Nc6 10. c3 O-O 11. h3 f6 12. Nh4 {1-0 (61) Karjakin,S (2773)-Nepomniachtchi,I (2751) Saint Louis 2017}) 6. c3 {B06: Modern Defence} (6. Qe2 {keeps more tension.} d5 7. Bb3 Bg4 8. c3 e6 9. O-O) 6... Bg7 {[%cal Rd6e5]} 7. Ng5 d5 $146 {[#]} ({Black should play} 7... O-O $14) ({Predecessor:} 7... O-O 8. e6 f5 9. O-O Qe8 10. Na3 a6 11. Re1 Nd8 12. Bb3 {0-1 (59) Postnikov,G-Tsynarev,N ICCF email 2012}) 8. Be2 (8. Qf3 $1 $18 {[%mdl 512]} dxc4 9. Qxf7+ {[%mdl 64] Double Attack} Kd7 10. g4) 8... f6 9. Bxh5 fxg5 10. Be2 ({And not} 10. Bxg5 gxh5 11. Qxh5+ Kf8 $17) 10... e6 11. Nd2 {[%cal Bb1d2,Bd2f3,Bf3e1,Be1d3][%mdl 32]} Bd7 12. O-O Qe7 13. Nf3 h6 14. Ne1 O-O-O (14... O-O $16 {was necessary.}) 15. Nd3 Kb8 16. a4 h5 17. b4 {[%cal Bb2b4,Bb4b5][%mdl 32]} Rdf8 18. b5 Na5 19. Ba3 {[%mdl 64] [#] Skewer} Qe8 20. Bb4 Nc4 21. Bxf8 Bxf8 22. Nc5 Bc8 (22... Nxe5 {was worth a try.} 23. Nxb7 Kxb7) 23. Bxc4 $18 dxc4 24. Qe2 g4 25. Qxc4 h4 26. Na6+ bxa6 27. bxa6 Rh7 $2 (27... c6 $18 28. Rfb1+ Kc7) 28. Rab1+ Ka8 29. Rb2 (29. Rb3 $142 c6 30. Rfb1) 29... Bd7 30. Rfb1 {White mates.} Qc8 31. Rb7 g3 32. Qb3 {Accuracy: White = 52%, Black = 12%.} 1-0